01673cam a2200313 a 4500999001500000001000900015003000600024005001700030008004100047010001300088020001500101020001800116035002000134040005600154050002200210082001800232090002200250100002200272245004800294260003500342300002000377504005500397505069700452600002601149650002501175650002401200942001201224952012301236 c3532d353225009392OCoLC20181114113410.0911127s1992 tnu b 000 0 eng  a91045301 a0840772459 a9780840772459 a(OCoLC)25009392 aDLCbengcDLCdBTCTAdYDXCPdXBEdOCLCOdOCLCFdMZN00aBJ1601b.C57 1992 a248.84bC689E aBJ1601b.C57 19921 aCole, Edwin Louis10aOn becoming a--real man /cEdwin Louis Cole aNashville :bT. Nelson,cc1992 a210 p. ;c22 cm aIncludes bibliographical references (p. [207]-210)0 aThe masculine maze -- The masculinity crisis -- The substitute society -- Cracks in the mirror -- The real man -- Jesus: The man -- Jesus: the pattern of life -- Jesus: the power of life -- Real sight -- Life-changing values -- Maximizing your resources -- Staying on top -- Real heart -- The cornerstone of character -- Nothing but the truth -- Love or lust -- Real accomplishments -- Royal pursuits -- The cost of greatness -- The winning strategy -- Employed for life -- Financial freedom -- Positive stress -- Peace for all seasons -- Leadership that works -- Real roles -- The irrestistable husband -- The fabulous father -- The authentic friend -- The greatest pleasure in life -- Notes00aJesus ChristxExample 0aMenxConduct of life 0aMenxReligious life 2ddccBK 00102ddc40708NFICaHMCbHMCcGENd2018-11-14g360.00l0o248.84 C689Ep004104r2018-11-14 00:00:00w2018-11-14yBK